Tatranské osady 8. Nový Smokovec

Podrobná bibliografia
Hlavný autor: Bohuš, Ivan, 1924-2018 (Autor)
Médium: Článok
Jazyk:slovenčina
PhysicalDescription:Fotogr.
ISSN:0323-0643
Predmet:

MARC

LEADER 00000nab a2200000 a 4500
001 vtls000782890
003 SK-MaSNL
005 20260304131226.0
008 250429c2001 xo 0 slo
015 |a SNBRB2002/02-05084 
035 |a CLN000134601 
035 |a urn:nbn:sk:snk-ab2vv5 
035 |a (urnnbn)urn:nbn:sk:snk:ar-a030h8 
035 |a (uuid)5a8c27df-ac50-44e0-a487-da8de0dc048c 
040 |a SNKBUCL  |b slo  |c SNKBUCL  |e AACR2 
041 0 |a slo 
044 |a xo  |c SK 
080 |a 908.437.6  |2 1997 
080 |a 908(234.372.4)  |2 1997 
080 |a 93/94  |2 2011 
080 |a 338.48  |2 2011 
100 1 |a Bohuš, Ivan,  |d 1924-2018  |4 aut  |9 174062 
245 1 0 |a Tatranské osady  |n 8.  |p Nový Smokovec  |c Ivan Bohuš 
300 |b Fotogr. 
650 0 7 |a osady  |2 snkbucl  |9 400193 
650 0 7 |a dejiny  |2 SNKPH  |9 3825 
650 0 7 |a cestovný ruch  |2 SNKPH  |9 999 
651 7 |a Vysoké Tatry (Poľsko a Slovensko : pohorie)  |2 SNKPHgeo  |9 67729 
651 7 |a Nový Smokovec (Vysoké Tatry, Slovensko)  |2 snkbucl  |9 160830 
655 7 |a články z novín a časopisov  |2 snkbucl  |9 267496 
773 0 |t Krásy Slovenska  |g Roč. 78, č. 9-10 (2001), s. 9  |x 0323-0643 
850 |a Slovenská národná knižnica 
852 |a Slovenská národná knižnica 
954 |a odborná, vedecká literatúra pôvodná (slovenská)  |2 lita 
958 |a article27 
958 |a OND 
958 |a EUIPO 
992 |a RBX 
999 |c 2896413  |d 2898343